000 00886nam a22002537b 4500
003 3228
005 20250728125132.0
008 250728b sa a|||| |||| 001 0aeng d
020 _a9781784722623
_qhbk
040 _aRDA
_c3228
041 _2E
082 _a641.22 JOHN
100 _aJohnson, Hugh
_9195988
245 _aHugh Johnson on wine : good bits from 55 years of scribbling
_c[editor Diane Pengelly ; illustrations Paul Hogarth].
260 _aLondon :
_bMitchell Beazley, a division of Octopus Publishing Group,
_c2016.
300 _a288 pages :
_billustrations ; with jacket
_c25 cm.
504 _aIncludes index.
650 _aWine and wine making;
_9195989
650 _aVineyards;
_9195990
650 _aWineries;
_vAutobiographies.
_9195991
700 _aPengelly, Diane
_eeditor
_9195992
700 _aHogarth, Paul
_eillustrator
_9195993
942 _2ddc
_cBOOK
_w175
_xNaomi Ntsimane
_y175
_zNaomi Ntsimane
999 _c781250
_d781249